Evolución super-orgánica : (Record no. 95728)
[ view plain ]
| 000 -LEADER | |
|---|---|
| campo de control de longitud fija | 00722nam a2200217 i 4500 |
| 001 - NÚMERO DE CONTROL | |
| campo de control | 95728 |
| 003 - IDENTIFICADOR DE NÚMERO DE CONTROL | |
| campo de control | ES-MaACL |
| 005 - FECHA Y HORA DE LA ÚLTIMA TRANSACCIÓN | |
| campo de control | 20231220202822.0 |
| 007 - CAMPO FIJO DE DESCRIPCIÓN FÍSICA--INFORMACIÓN GENERAL | |
| campo de control de longitud fija | t| |
| 008 - DATOS DE LONGITUD FIJA--INFORMACIÓN GENERAL | |
| campo de control de longitud fija | 050602m19001916sp ||||1| spa d |
| 100 1# - ENTRADA PRINCIPAL--NOMBRE DE PERSONA | |
| Nombre de persona | Lluria, Enrique. |
| 9 (RLIN) | 72977 |
| 245 10 - MENCIÓN DEL TÍTULO | |
| Título | Evolución super-orgánica : |
| Resto del título | (la naturaleza y el problema social) / |
| Mención de responsabilidad, etc. | por Enrique Lluria ; prólogo del Dr. D. Santiago Ramón y Cajal. |
| 260 ## - PUBLICACIÓN, DISTRIBUCIÓN, ETC. | |
| Lugar de publicación, distribución, etc. | Barcelona : |
| Nombre del editor, distribuidor, etc. | Maneu, |
| Fecha de publicación, distribución, etc. | 1900. |
| 300 ## - DESCRIPCIÓN FÍSICA | |
| Extensión | 307 p. : |
| Otras características físicas | il. ; |
| Dimensiones | 19 cm. |
| 650 #4 - PUNTO DE ACCESO ADICIONAL DE MATERIA--TÉRMINO DE MATERIA | |
| Término de materia o nombre geográfico como elemento de entrada | Evolución humana. |
| 9 (RLIN) | 12627 |
| 650 #4 - PUNTO DE ACCESO ADICIONAL DE MATERIA--TÉRMINO DE MATERIA | |
| Término de materia o nombre geográfico como elemento de entrada | Neurofisiología. |
| 9 (RLIN) | 15528 |
| 650 #4 - PUNTO DE ACCESO ADICIONAL DE MATERIA--TÉRMINO DE MATERIA | |
| Término de materia o nombre geográfico como elemento de entrada | Evolución social. |
| 9 (RLIN) | 150064 |
| 700 1# - ENTRADA AGREGADA--NOMBRE PERSONAL | |
| Nombre de persona | Ramón y Cajal, Santiago, |
| Fechas asociadas al nombre | 1852-1934 |
| 9 (RLIN) | 226468 |
| 852 ## - LOCALIZACIÓN | |
| Ubicación | ES-MaACL |
| Número de control de estantería | A-3900 |
| Estatus retirado | Estado de pérdida | Estado de daño | No para préstamo | Colección | Biblioteca de origen | Biblioteca actual | Ubicación en estantería | Fecha de adquisición | Fuente de adquisición | Total de préstamos | Signatura topográfica completa | Código de barras | Visto por última vez | Precio de reemplazo | Tipo de ítem Koha |
|---|---|---|---|---|---|---|---|---|---|---|---|---|---|---|---|
| Libros del s. XIX | Biblioteca del Ateneo de Madrid | Biblioteca del Ateneo de Madrid | Sala Pecera Planta 1 | 17/01/2008 | A-3900 | 1099957 | 23/02/2023 | 23/02/2023 | Libro impreso antiguo |
